Jose Rizal : (Record no. 293657)
[ view plain ]
| 000 -LEADER | |
|---|---|
| fixed length control field | 00749nam a2200241Ia 4500 |
| 008 - FIXED-LENGTH DATA ELEMENTS--GENERAL INFORMATION | |
| fixed length control field | 160418s9999 xx 000 0 und d |
| 020 ## - INTERNATIONAL STANDARD BOOK NUMBER | |
| International Standard Book Number | 9716420447 |
| 050 ## - LIBRARY OF CONGRESS CALL NUMBER | |
| Classification number | FIL DS 675.8 |
| 050 ## - LIBRARY OF CONGRESS CALL NUMBER | |
| Item number | .R5Z35 2007 |
| 100 ## - MAIN ENTRY--PERSONAL NAME | |
| Personal name | Zaide, Gregorio F. |
| 245 ## - TITLE STATEMENT | |
| Title | Jose Rizal : |
| 245 ## - TITLE STATEMENT | |
| Remainder of title | buhay, mga ginawa at mga sinulat ng isang henyo, manunulat, siyentifiko, at pambansang bayani / |
| 245 ## - TITLE STATEMENT | |
| Statement of responsibility, etc | Gregorio F. Zaide, Sonia M. Zaide. |
| 260 ## - PUBLICATION, DISTRIBUTION, ETC. (IMPRINT) | |
| Place of publication, distribution, etc | Quezon City: |
| 260 ## - PUBLICATION, DISTRIBUTION, ETC. (IMPRINT) | |
| Name of publisher, distributor, etc | All-Nations Pub. Co. Inc., |
| 260 ## - PUBLICATION, DISTRIBUTION, ETC. (IMPRINT) | |
| Date of publication, distribution, etc | 2007 |
| 300 ## - PHYSICAL DESCRIPTION | |
| Extent | 545 pages : |
| 300 ## - PHYSICAL DESCRIPTION | |
| Other physical details | illustrations ; |
| 300 ## - PHYSICAL DESCRIPTION | |
| Dimensions | 22 cm. |
| 500 ## - GENERAL NOTE | |
| General note | Includes bibliographical references and index. |
| 650 ## - SUBJECT ADDED ENTRY--TOPICAL TERM | |
| Topical term or geographic name as entry element | Rizal, Jose P. -- Biography. |
| 650 ## - SUBJECT ADDED ENTRY--TOPICAL TERM | |
| General subdivision | Rizal, Jose P., 1861-1896. |
| Withdrawn status | Lost status | Damaged status | Home library | Current library | Shelving location | Date acquired | Cost, normal purchase price | Total Checkouts | Full call number | Barcode | Date last seen | Price effective from | Koha item type |
|---|---|---|---|---|---|---|---|---|---|---|---|---|---|
| South Mansfield College | South Mansfield College | Filipiniana Section | 02/14/2011 | 285.00 | FIL DS 675.8 .R5Z35 2007 | SMC05510 | 04/18/2016 | 04/18/2016 |